00420 a2200133 4500003000500000005001700005040000900022082001200031100001800043245003500061260002500096300001200121505015300133NUST20230131135202.0 cNust a941,BUC aBuchan, John  aOliver Cromwell /cJohn Buchan aLondonbHodderc1936 a554 P.; aThe Countryman (Page-19), The Cavalry Commander (Page-133), The King Breaker (Page-229), The Lord General (Page-323), The Prince (Page-429).